| 000 | 00490nam a22001697a 4500 | ||
|---|---|---|---|
| 999 |
_c164607 _d164607 |
||
| 005 | 20190523124117.0 | ||
| 010 | _aA-895396 | ||
| 020 |
_a8170249856 _c500.00 |
||
| 035 | _aA-895396 | ||
| 037 | _bAPH Publishing Corporation | ||
| 082 | _a923.2 | ||
| 100 | _aBakshi, S.R. etc. eds | ||
| 245 |
_aBansi lal chif minister of haryana / _cS.R. Bakshi |
||
| 260 |
_aNew Delhi _bAPH Publishing Corporation _c1998 |
||
| 300 |
_a192p _c23cm (hbk) |
||
| 942 |
_2ddc _cEN _h923.2 _mBAN |
||